Lataa...
Thiruvananthapurathinte ethihasam
| Päätekijä: | |
|---|---|
| Aineistotyyppi: | Printed Book |
| Julkaistu: |
Thiruvananthapuram
Sahityavedi
1996
|
| LEADER | 00394nam a22001097a 4500 | ||
|---|---|---|---|
| 082 | |a 954.83 |b RAM.T | ||
| 100 | |a Ramachandran Nair, Pattom G | ||
| 245 | |a Thiruvananthapurathinte ethihasam | ||
| 260 | |a Thiruvananthapuram |b Sahityavedi |c 1996 | ||
| 942 | |c BK | ||
| 999 | |c 19603 |d 19603 | ||
| 952 | |0 0 |1 0 |4 0 |6 954_830000000000000_RAM_T |7 0 |9 22098 |a CAMPUS |b CAMPUS |d 2017-09-22 |l 0 |o 954.83 RAM.T |p 06274 |r 2017-09-22 |w 2017-09-22 |y BK | ||